000
00415 a2200133 4500
003
OSt
005
20260209171315.0
008
260209b |||||||| |||| 00| 0 eng d
100
_a
गोडबोले अ
245
_a
असे आहेत सावरकर
260
_b
भारतीय विचार साधना प्रकाशन
_c
2005
_a
पुणे
300
_a
96pp.
942
_c
BK
_2
ddc
999
_c
370103
_d
370103